| 000 | nam a22 a 4500 | ||
|---|---|---|---|
| 999 |
_c487602 _d487602 |
||
| 003 | BLK | ||
| 005 | 20221220113703.0 | ||
| 008 | 221216b bu |||||r|||| 00| | bu d | ||
| 020 | _a9786191888740 | ||
| 040 | _aBLK | ||
| 041 |
_aBUL _cBUL |
||
| 080 |
_aКраезнание _b908 _x(497.21-22) _z908(497.21-22) |
||
| 139 | _aРъжево Конаре | ||
| 245 |
_aРъжево Конаре _cсъстав. Кристиян Ковачев ; под глав. ред. на Димитър Петров |
||
| 260 |
_9219492 _aСофия _bИзд. авт. _c2022 |
||
| 300 |
_a87 с. _bс ил., портр. _c20 см |
||
| 380 | _a91 | ||
| 504 | _aБиблиогр.: с. 83-86 | ||
| 650 | 0 |
_9394760 _aСела - Южна България - история |
|
| 651 | 0 |
_9485719 _aРъжево Конаре, област Пловдив |
|
| 700 |
_9392389 _aКовачев, Кристиян Иванов _eсъстав. |
||
| 700 |
_9523 _aПетров, Димитър Василев _eглав. ред. |
||
| 852 |
_aЦб 315681 _bЦб |
||
| 856 |
_i0.00 _ldisable |
||
| 942 |
_cKNG _n0 _s1 |
||
| 944 |
_aCR _c2022-12-16 _kВЙ |
||
| 999 | _d487602 | ||